000 00583nam a2200193 a 4500
003 BD-DhJNU
005 20250714092612.0
008 130326s2009 bg b 001 0 eng d
020 _a98444524507
040 _aBD-DhJNU
_bENG
_cBD-DhJNU
_dBD-DhJNU
082 0 0 _a321.895492 KAR
_223
100 1 _aKabir, Jahangir
245 1 4 _aThe roadmap to democracy :
_ban analytical view on Bangladesh /
_cJahangir Kabir
260 _aDhaka :
_bPalok Publishers, ,
_cc2009.
300 _a146 p. :
_bill. ;
_c22 cm.
504 _aIncludes index.
650 0 _aDemocracy -- Bangladesh.
942 _cBK
999 _c1891
_d1891